| 000 | 00521pab a2200181 454500 | ||
|---|---|---|---|
| 008 | 180718b2014 xxu||||| |||| 00| 0 eng d | ||
| 100 | _aKarunanidhi, S. | ||
| 245 | _aInfluence of select psychosocial factors on the occupational stress and psychological wellbeing among women police | ||
| 260 | _c2014 | ||
| 300 | _ap.149-178. | ||
| 362 | _aJul-Sep | ||
| 650 | _aPolice | ||
| 650 | _aWomen police | ||
| 650 | _aOccupational disease | ||
| 700 | _aChitra, T. | ||
| 773 | _aIndian Police Journal | ||
| 909 | _a107678 | ||
| 999 |
_c107673 _d107673 |
||